000 00921nam a22002417a 4500
005 20100723111231.0
010 _aENG-96590
020 _a8173815879
_c295.00
020 _a9788173815874
_c295.00
035 _aEN-80123
037 _bDBAD/PUB
082 _a581.1929
100 _aChaudhuri, Debabrata
_9905
245 _aA handbook of plant biosynthetic pathways /
_cby Debabrata Chaudhuri, Dipak Kumar Kar [and] Soma Halder
260 _aKolkata
_bNew Central Book Agency
_c2008
270 _a81/Chintamoni Das Lane
_bKolkata
_e700009
300 _aviii, 347p.:
_bill.
_c24cm.(pbk)
500 _aIncludes bibliographical refereces
700 _aKar, Dipak Kumar
_9906
700 _aHalder, Soma
_9907
942 _2ddc
_cEN
_h581.1929
_mCHA
999 _c37325
_d37325